000 00595nam a22002297a 4500
003 UA-OsUOA
001 89618
007 ta
008 20121107b un ||||| |||| 00| 0 ukr d
100 _aЗінчук С.
090 _a821.161.2
_bЗ - 63
942 _cBK
040 _aUA-OsUOA
_bukr
_cUA-OsUOA
_dUA-OsUOA
245 _aСузір'я квітів
_bпоезії
300 _a91 с.
955 _a3
041 _aukr
080 _a821.161.2
260 _aК.
_bМолодь
_c1976
650 7 _a82 Література. Літературознавство
_2UDC
999 _c375920
_d375920